Normal view
MARC view
Entry Personal Name
001 - CONTROL NUMBER
- control field: 11349
003 - CONTROL NUMBER IDENTIFIER
- control field: ARRUPE
005 - DATE AND TIME OF LATEST TRANSACTION
- control field: 20140918141450.0
008 - FIXED-LENGTH DATA ELEMENTS
- fixed length control field: 140918|| aca||aabn | a|a d
040 ## - CATALOGING SOURCE
- Original cataloging agency: ARRUPE
- Transcribing agency: ARRUPE
100 ## - HEADING--PERSONAL NAME
- Personal name: Hume, David,
- Dates associated with a name: 1711-1776.
670 ## - SOURCE DATA FOUND
- Source citation: Work cat.: (ARRUPE)0: Strawson, Galen. 11348, The secret connexion :, 1989.